000 00421nam a22001697a 4500
003 MPLRDC
005 20220104143145.0
008 210129b ||||| |||| 00| 0 eng d
082 _a857.9 WRA-15 v.1
100 _a温瑞安
245 _a少年铁手. 上
_c
260 _a
_b中国友谊出版公司
_c1993
300 _b
490 _a四大名捕系列
650 _a武侠小说
942 _cBK
_o857.9 WRA-15 v.1
999 _c37175
_d37165